00646nam a22002177a 450000500170000001000110001702000220002803500110005003700160006104000120007708200160008910000240010524500830012926000470021227000320025930000340029150000500032565000250037565000140040070000140041420170124110218.0 a692032 c00.00a0713902361 a692032 bCen Lib/Ret aDPLbEN a940.53bCAL aCalvocoressi, Peter aTotal war :cby Peter Calvocoressi [and] Guy Wintbthe story of World War II / aLondonbAllen Lane The Penguin Pressc1972 a74 Grosvenor StreetbLondon axiii, 959p. :c22cm(Hb)bill. aIncludes bibliographical references and index aWorld War, 1939-1945 aTotal war aWint, Guy